Japan who governs ? The rise of the developmental state

Đã lưu trong:
Chi tiết về thư mục
Tác giả chính: Johnson, Chalmers (Tác giả)
Định dạng: Sách
Ngôn ngữ:Tiếng Anh
Được phát hành: Nueva York W.W. Norton 1995
Những chủ đề:
Các nhãn: Thêm thẻ
Không có thẻ, Là người đầu tiên thẻ bản ghi này!

MARC

LEADER 00000nam a2200000 a 4500
001 UCI1369
003 CL-VaPUC
008 070629e19950000US |||||||||||||||||eng|d
020 |a 0393037398 
082 0 4 |a 338.952  |b JOH  |2 21 
100 0 |a Johnson, Chalmers  |e author  |9 521838 
245 1 0 |a Japan who governs ? The rise of the developmental state 
300 |a 384 p 
942 |c BK 
945 |d 20070629 00:00:00  |a rbrito 
260 |a Nueva York  |b W.W. Norton  |c 1995 
650 0 |a Política económica   |9 255029 
650 0 |a Capitalismo  |9 255255 
650 0 |a Análisis económico  |9 259939 
650 0 |a Crecimiento económico   |9 314037 
650 0 |a Desarrollo económico  |9 259599 
650 0 |a Condiciones económicas  |9 258255 
650 7 |a INDICADORES SOCIOECONOMICOS  |2 CL-VaPUC  |9 350076 
651 0 |a Japón   |9 260391 
583 |a last modification  |c 20070629 00:00:00  |k Rodrigo Vera 
999 |c 326197  |d 326195 
952 |0 0  |1 0  |4 0  |6 338_952000000000000_JOH_1995  |7 0  |8 A  |9 407959  |a BIBGIM  |b BIBGIM  |d 2019-11-22  |i 4211952  |o 338.952 JOH 1995  |p 4211952  |r 2025-01-15  |w 2019-11-22  |y BK  |k ORI